00757nac a22002171u 4500010001600000020001500016022001500031082001900046090001500065100003400080245008100114250003100195260003700226300003500263500002700298504005100325650002100376942002100397999001500418952010600433 a 88012868 a0070569037 a007100397500a660.281bS5569 c4394d4394 aShinskey, F. Greg. 10aProcess-control systems :bapplication, design, and tuning /cF.G. Shinskey. a3rd ed.bInternational ed. aNew York :bMcGraw-Hill,cc1988. axiii, 526 p. :bill. ;c24 cm. aInternational Edition. aIncludes bibliographical references and index. 0aProcess control. cBBk660.281S5569 c4394d4394 00104070aMAINbMAINc1STd2005-09-07ePurchasel0o660.281 SHIp000005352r2025-07-15 00:00:00yBB